000 00907nac a22002897a 4500
001 BR8901884
003 BR-BrBNA
005 20240105120935.0
008 230509b bl.|||m| |||| 00| 0 por d
040 _aBR-BrBNA
_bpor
_cBiblioteca Nacional de Agricultura
072 _aH10
090 _a4020 BR8901884
100 1 _aRibeiro, M.C.M.
100 1 _aTorres Filho, J.
100 1 _aVerde, N.G.L.
110 1 _aEmpresa de Pesquisa Agropecuaria do Ceara, Fortaleza (Brasil)
245 1 _aLevantamento da broca da cana-de-acucar na serra de Ibiapaba-CE
260 3 _aFortaleza, CE (Brasil):
_c1988.
300 _a4 p.
490 _aComunicado Tecnico - Empresa de Pesquisa Agropecuaria do Ceara (Brazil)
_vno. 18
_x
500 _a6 ref.
650 _aCANA DE ACUCAR
650 _aBROCA
650 _aPRAGA DE PLANTA
909 _a202312
_bLúcia Elande
_c55
_dLúcia Elande
942 _2AGRIS
_n0
_cMS
999 _c282327
_d282327